|
|
|
|
| LEADER |
00000nam0a2200000 4500 |
| 001 |
22422 |
| 005 |
20231030194723.0 |
| 010 |
|
|
|a 5743306508
|
| 035 |
|
|
|a (RuTPU)RU\TPU\book\22635
|
| 035 |
|
|
|a BOOK00022706
|
| 090 |
|
|
|a 22422
|
| 100 |
|
|
|a 20011209d2000 m y0rusy50 ca
|
| 101 |
0 |
|
|a rus
|
| 102 |
|
|
|a RU
|
| 105 |
|
|
|a y j 001zy
|
| 200 |
1 |
|
|a Режимы работы АЭС с ВВЭР
|e учебное пособие
|f В. А. Хрусталев
|g Саратовский государственный технический университет (СГТУ)
|
| 210 |
|
|
|a Саратов
|c [Б. и.]
|d 2000
|
| 215 |
|
|
|a 63 с.
|
| 610 |
1 |
|
|a электроэнергетика
|
| 610 |
1 |
|
|a АЭС
|
| 610 |
1 |
|
|a атомные электрические станции
|
| 610 |
1 |
|
|a режимы
|
| 610 |
1 |
|
|a тепловые схемы
|
| 610 |
1 |
|
|a учебные пособия
|
| 675 |
|
|
|a 621.311.25:621.039.004(07)
|v 3
|
| 700 |
|
1 |
|a Хрусталев
|b В. А.
|g Владимир Александрович
|
| 712 |
0 |
2 |
|a Саратовский государственный технический университет (СГТУ)
|c (1992- )
|2 stltpush
|3 (RuTPU)RU\TPU\col\95
|
| 801 |
|
0 |
|a RU
|b 63413507
|c 20011209
|g PSBO
|
| 801 |
|
2 |
|a RU
|b 63413507
|c 20080905
|g PSBO
|
| 942 |
|
|
|c BK
|